000 00693cam a2200241 4500500
005 20260329004943.0
041 _afre
042 _adc
100 1 0 _ade Oliveira, Victorine
_eauthor
245 0 0 _aDescartes, un homme de lettres
260 _c2021.
500 _a8
690 _aÂme
690 _aDescartes
690 _aDiscours de la méthode
690 _aDualisme
690 _aLangue française
690 _aMédecine
690 _aMétaphysique
690 _aScience
786 0 _nPhilosophie magazine | 154 | 11 | 2021-11-01 | p. 47-48 | 1951-1787
856 4 1 _uhttps://shs.cairn.info/magazine-philosophie-magazine-2021-11-page-47?lang=fr&redirect-ssocas=7080
999 _c1838883
_d1838883